Every Champions League top scorer by year - Statistics

General Stats
  • This quiz has been taken 17 times
  • The average score is 39 of 85
Answer Stats
Hint Answer % Correct
2007-08 Cristiano Ronaldo
100%
2012-13 Cristiano Ronaldo
100%
2013-14 Cristiano Ronaldo
100%
Cristiano Ronaldo
100%
2015-16 Cristiano Ronaldo
100%
2016-17 Cristiano Ronaldo
100%
2017-28 Cristiano Ronaldo
100%
2008-09 Lionel Messi
100%
2009-10 Lionel Messi
100%
2010-11 Lionel Messi
100%
2011-12 Lionel Messi
100%
2014-15 Lionel Messi
100%
2018-29 Lionel Messi
100%
2020-21 Erling Haaland
93%
2022-23 Erling Haaland
93%
2021-22 Karim Benzema
93%
Neymar
93%
2019-20 Robert Lewandowski
93%
1957-58 Alfredo Di Stefano
86%
1961-62 Alfredo Di Stefano
86%
Raul Gonzalez
86%
2000-01 Raul Gonzalez
86%
Rivaldo
86%
1959-60 Ferenc Puskas
79%
Ferenc Puskas
79%
Ferenc Puskas
79%
1972-73 Gerd Muller
79%
1973-74 Gerd Muller
79%
1974-75 Gerd Muller
79%
1976-77 Gerd Muller
79%
1988-89 Marco Van Basten
71%
1997-98 Alessandro Del Piero
64%
1964-65 Eusebio
64%
Eusebio
64%
1967-68 Eusebio
64%
1971-72 Johan Cruyff
64%
2006-07 Kaka
64%
Michel Platini
57%
Romario
57%
2001-02 Ruud Van Nistelrooy
57%
2002-03 Ruud Van Nistelrooy
57%
2004-05 Ruud Van Nistelrooy
57%
2003-04 Fernando Morientes
50%
Dwight Yorke
36%
1994-95 George Weah
36%
2023-24 Harry Kane
29%
1995-96 Jari Litmanen
29%
1989-90 Jean-Pierre Papin
29%
Jean-Pierre Papin
29%
Jean-Pierre Papin
29%
1958-59 Just Fontaine
29%
1999-00 Mario Jardel
29%
1980-81 Rummenigge
29%
1993-94 Hristo Stoichkov
21%
1982-83 Paolo Rossi
21%
1968-69 Denis Law
14%
1998-99 Andrij Shevchenko
7%
2005-06 Andrij Shevchenko
7%
1965-66 Florian Alber
7%
1962-63 Jose Altafini
7%
Kilian Mbappe
7%
Sandro Mazzola
7%
1977-78 Allan Simonsen
0%
1970-71 Antonis Antoniadis
0%
1986-87 Borislav Cvetkovic
0%
1978-79 Claudio Sulser
0%
1956-57 Dennis Viollet
0%
1981-82 Dieter Hoeness
0%
1992-93 Franck Sauzee
0%
George Hagi
0%
1987-88 Jean-Marc Ferreri
0%
1960-61 Jose Aguas
0%
Jose Torres
0%
1975-76 Jupp Heynckes
0%
1966-67 Jurgen Piepenburg
0%
1969-70 Mick Jones
0%
1996-97 Milinko Pantic
0%
1955-56 Milos Milutinovic
0%
1990-91 Peter Pacult
0%
1991-92 Sergei Yuran
0%
1979-80 Soren Lerby
0%
1984-85 Torbjorn Nilsson
0%
1985-86 Torbjorn Nilsson
0%
1983-84 Viktor Sokol
0%
1963-64 Vladica Kovacevic
0%
No matching quizzes found
Score Distribution
Percent of People with Each Score
Percentile by Number Answered
Your Score History
You have not taken this quiz